000 00629nam a22001937a 4500
003 UA-OsUOA
001 42835
007 ta
008 20090323b un ||||| |||| 00| 0 ukr d
090 _a050
_bН35
942 _cNP
040 _aUA-OsUOA
_bukr
_cUA-OsUOA
_dUA-OsUOA
245 _aНаціональна трибуна
_b6 січня, 2008. Рік XXVII, Ч. 1 (1246)
955 _a4
041 _aukr
080 _a050
650 7 _a050 Серійні публікації. Періодика галузі, Організація та інші типи поєднання (співробітництва)
_2UDC
999 _c441309
_d441309